Histología de "Sangre de grado" (<Croton lechleri Muell. Arg.>) (Registro nro. 9451)

Detalles MARC
000 -CABECERA
Campo de control 005430000a22001810004500
090 ## - CLASIFICACIÓN LOCAL
Colección AR
Consecutivo 00353
041 0# - IDIOMA
Código de idioma para texto/pista de sonido o título separado
100 1# - ASIENTO PRINCIPAL--NOMBRE PERSONAL
Nombre personal Iparraguirre León, Domingo
245 10 - MENCION DE TITULO
Título Histología de "Sangre de grado" (<Croton lechleri Muell. Arg.>)
650 14 - ASIENTO SECUNDARIO DE MATERIA - TERMINO TEMATICO
Término temático o nombre geográfico como elemento de entrada Sangre de grado
650 14 - ASIENTO SECUNDARIO DE MATERIA - TERMINO TEMATICO
Término temático o nombre geográfico como elemento de entrada Plantas medicinales
650 14 - ASIENTO SECUNDARIO DE MATERIA - TERMINO TEMATICO
Término temático o nombre geográfico como elemento de entrada Histología
651 #4 - ASIENTO SECUNDARIO DE MATERIA - NOMBRE GEOGRAFICO
-- Oxapampa
-- Perú
653 ## - TERMINO DE INDIZACION - NO CONTROLADO
-- Croton
-- Croton lechleri
700 1# - ASIENTO SECUNDARIO - NOMBRE PERSONAL
Nombre personal Meza Baltazar, Elsa N.
773 1# - Item fuente:
Título Preprint
Especificación de materiales 3
Paginas del Articulo 1-9
Lugar, editorial y fecha de publicación 1996?
942 ## - ELEMENTOS ADICIONALES (KOHA)
Tipo de ítem Artículo
Existencias
Withdrawn status Lost status Damaged status No para préstamo Colección Ubicación Permanente Ubicación actual Fecha de adquisición Fuente de Valor Datos de publicación Seriada Total Checkouts Número topográfico Inventario / Código de Barras Date last seen Ejemplar Price effective from Forma de adquisición Tipo de material
      No para Préstamo Hemeroteca Bogotá Bogotá 27/02/2015 Gast, Fernando Fuera de circulación   AR 00353 010606 25/03/2015 1 25/03/2015   Artículo